000 00938cam a2200157ua 4500
041 _aeng
_h
082 _a622.367
_bIND/ME
110 1 _aIndian standards institution .
_bISI
_c()
245 _aMethod for determining strength giving properties of asbestos fibre ,IS:9745-1981 /
_cIndian standards institution.
_hTextual Documents
250 _a1 /
_b.
260 _a :
_bISI ,
_c1981.
300 _a30 ; .
504 _a
942 _cBK
999 _c4165
_d4165